| 000 | 00546nam a2200169 i 4500 | ||
|---|---|---|---|
| 001 | 84419 | ||
| 003 | ES-MaACL | ||
| 005 | 20230906175019.0 | ||
| 007 | t| | ||
| 008 | 041122s1968 sp ||||1| spa d | ||
| 100 | 1 |
_aJiménez González, Luis. _966534 |
|
| 245 | 1 | 0 |
_aEmbriología humana normal y patológica _b: del eu-desarrollo a las malformaciones congénitas / _cpor Luis Jiménez González. |
| 250 | _a[1ª ed.]. | ||
| 260 |
_aZaragoza : _b[s.n., _c1968] |
||
| 300 |
_aXV, 415 p. : _bil. ; _c24 cm. |
||
| 852 |
_aES-MaACL _jC-34544 _bR.67357 |
||
| 999 |
_c84419 _d84419 |
||